|
|
|
|
| LEADER |
00000nam0a2200000 4500 |
| 001 |
184952 |
| 005 |
20231101223900.0 |
| 010 |
|
|
|a 9785917030173
|
| 035 |
|
|
|a (RuTPU)RU\TPU\book\200587
|
| 090 |
|
|
|a 184952
|
| 100 |
|
|
|a 20100927d2010 km y0rusy50 ca
|
| 101 |
1 |
|
|a rus
|c eng
|
| 102 |
|
|
|a RU
|
| 105 |
|
|
|a a z 001zy
|
| 200 |
1 |
|
|a Древесно-полимерные композиты
|e пер. с англ.
|f А. Клёсов
|
| 210 |
|
|
|a СПб.
|c Научные основы и технологии
|d 2010
|
| 215 |
|
|
|a 736 с.
|c ил.
|
| 320 |
|
|
|a Библиография в конце глав.
|
| 330 |
|
|
|a Практическое руководство по древесно-полимерным композитам и их свойствам. В книге представлен обзор основных принципов, лежащих в основе производства древесно-полимерных композиционных материалов (ДПК), и их эксплуатационных показателей в реальных условиях. В полном практических примеров и тематических исследований руководстве описаны композиционные материалы на основе термопластов с целлюлозными волокнами, минералами, различными добавками, и их свойства; рассмотрены вопросы механической прочности, устойчивости к воздействию микроорганизмов, гигроскопичности, воспламеняемости, сопротивления скольжению, теплового расширения-сжатия, чувствительности к окислению и воздействия УФ и т. д. Охвачены вопросы, которые определяют внешний вид, производительность и долговечность изделий из ДПК; сопоставлены различные методы и процедуры испытаний по ASTM, которые применяются для тестирования конкретных свойств материалов и изделий. Уникальная книга будет интересна как ученым, так и технологам, работающим с ДПК и занимающимся вопросами материаловедения, микробиологии, реологии, проблемами технологии переработки пластмасс и химического машиностроения. Это необходимый ресурс для поставщиков и производителей древесно-полимерных композитов, а также источник информации для разработчиков изделий из них, строителей и архитекторов, которые хотят знать больше о современных материалах.
|
| 606 |
1 |
|
|a Композиционные материалы
|2 stltpush
|3 (RuTPU)RU\TPU\subj\15033
|9 41331
|
| 610 |
1 |
|
|a древесно-полимерные композиты
|
| 610 |
1 |
|
|a состав
|
| 610 |
1 |
|
|a термопласты
|
| 610 |
1 |
|
|a наполнители
|
| 610 |
1 |
|
|a аппретирующие вещества
|
| 610 |
1 |
|
|a плотность
|
| 610 |
1 |
|
|a прочность
|
| 610 |
1 |
|
|a композитные профили
|
| 610 |
1 |
|
|a композитные материалы
|
| 610 |
1 |
|
|a сжатие
|
| 610 |
1 |
|
|a растяжение
|
| 610 |
1 |
|
|a композитные доски
|
| 610 |
1 |
|
|a скольжение
|
| 610 |
1 |
|
|a сопротивление
|
| 610 |
1 |
|
|a трение
|
| 610 |
1 |
|
|a микробное загрязнение
|
| 610 |
1 |
|
|a биоциды
|
| 610 |
1 |
|
|a воспламеняемость
|
| 610 |
1 |
|
|a пожарная опасность
|
| 610 |
1 |
|
|a термоокислительная деструкция
|
| 610 |
1 |
|
|a фотоокислительная деструкция
|
| 610 |
1 |
|
|a реология
|
| 675 |
|
|
|a 678.073
|v 3
|
| 700 |
|
1 |
|a Клёсов
|b А.
|g Анатолий
|
| 801 |
|
1 |
|a RU
|b 63413507
|c 20100927
|
| 801 |
|
2 |
|a RU
|b 63413507
|c 20151009
|g RCR
|
| 942 |
|
|
|c BK
|